| 000 | 01180nam a22003857a 4500 | ||
|---|---|---|---|
| 001 | BR0805131 | ||
| 003 | BR-BrBNA | ||
| 005 | 20230928102655.0 | ||
| 007 | ta | ||
| 008 | 230509b bl.||||| |||| 00| 0 por d | ||
| 040 |
_aBR-BrBNA _bpor _cBiblioteca Nacional de Agricultura |
||
| 041 | _a(Por) | ||
| 072 |
_aQ54 _b1958 _b8951 |
||
| 090 | _ 1958 BR0805131 | ||
| 100 | 1 | _aAndrade, P.E. de | |
| 110 | 1 |
_aUniversidade Federal do Ceará, Fortaleza, CE (Brasil) _0Tese (Mestre) _911057 |
|
| 245 | 1 | _aAvaliação do valor nutritivo do feno de leucena (Leucaena leucocephala (Lam.)de wit.)em função da época do ano e do período de corte | |
| 260 | 3 |
_aFortaleza, CE (Brasil): _c1994. |
|
| 300 | _a49 p. | ||
| 500 | _aSummaries (Eng, Por); Bibliography p. 36-41; 5 tables | ||
| 650 | _aLEUCAENA | ||
| 650 | _aFENO | ||
| 650 | _aRUMINANTE | ||
| 650 | _aVALOR NUTRITIVO | ||
| 650 | _aÉPOCA DE CORTE | ||
| 650 | _aSECA | ||
| 650 | _aCHUVA | ||
| 650 | _aMATÉRIA SECA | ||
| 650 | _aMATÉRIA ORGÂNICA | ||
| 650 | _aBROMATOLOGIA | ||
| 650 | _aDIGESTIBILIDADE IN VITRO | ||
| 650 | _aCOMPOSIÇÃO QUÍMICA | ||
| 909 |
_a202309 _bLucia _c55 _dLucia Elande |
||
| 942 | _cBK | ||
| 999 |
_c71975 _d71975 |
||